00424nam a22001337a 450000500170000000800410001704100130005808200130007110000120008424500540009626000910015030000250024165000240026620240820103128.0240820b |||||||| |||| 00| 0 eng d aEnglish  a349 LAW  lEnglish aThe Law Reports: Twenty Years' Digest 1931 - 1950 aLondon: bThe Incorporated Council of Law Reporting for England and Wales, c1931-1950 b716 pages; c25 cm.  aLegal practicebLaw